| 000 | 00703nam a2200241 a 4500 | ||
|---|---|---|---|
| 005 | 20210219153151.0 | ||
| 008 | 991125n 000 0 u | ||
| 035 | _aUPN01000081577 | ||
| 100 | _aHoyte, Robert M. | ||
| 222 | _aNEW DIRECTIONS FOR TEACHING AND LEARNING | ||
| 245 | _a"I can do it" : minority undergraduate science experiences and the professional career choice | ||
| 300 | _a81-90 | ||
| 362 | _aNo. 53, 1993 | ||
| 505 | _aAgosto 1993 | ||
| 653 | 0 | _aEDUCACION CIENTIFICA | |
| 653 | 0 | _aGRUPOS MINORITARIOS | |
| 653 | 0 | _aINVESTIGACION MEDICA | |
| 653 | 0 | _aMENTOR | |
| 653 | 0 | _aSELECCION PROFESIONAL | |
| 700 | _aCollet, Jonathan | ||
| 904 |
_aAC _b019388 |
||
| 905 | _aArticulo | ||
| 999 |
_c70014 _d70014 |
||